书目信息 |
| 题名: |
世界博物馆大观
|
|
| 作者: | 黎先耀 , 张秋英 编著 | |
| 分册: | ||
| 出版信息: | 北京 旅游教育出版社 1991.02 |
|
| 页数: | 490页 | |
| 开本: | 26cm | |
| 丛书名: | ||
| 单 册: | ||
| 中图分类: | G269.1 | |
| 科图分类: | ||
| 主题词: | 博物馆事业--世界 | |
| 电子资源: | ||
| ISBN: | 7-5637-0146-X | |
| 000 | 00607nam0 2200205 45 | |
| 001 | 0504061459 | |
| 005 | 20050407083706.6 | |
| 010 | @a7-5637-0146-X@b精装@dCNY35.00 | |
| 100 | @a20050406d1991 km y0chiy0120 ea | |
| 101 | 0 | @achi |
| 105 | @a z 000yy | |
| 200 | 1 | @a世界博物馆大观@AShi Jie Bo Wu Guan Da Guan@f黎先耀,张秋英编著@FLi XianYao,Zhang Qiu Ying Bian Zhu |
| 210 | @a北京@c旅游教育出版社@d1991.02 | |
| 215 | @a490页@d26cm | |
| 606 | 0 | @a博物馆事业@x世界 |
| 690 | @aG269.1@v3 | |
| 701 | 0 | @a黎先耀@4编著 |
| 701 | 0 | @a张秋英@4编著 |
| 801 | @aCN@bPftUser@c20050406 | |
| 905 | @f1@b244867@dG269.1@e3 | |
| 世界博物馆大观/黎先耀,张秋英编著.-北京:旅游教育出版社,1991.02 |
| 490页;26cm |
| ISBN 7-5637-0146-X(精装):CNY35.00 |
| ● |
| 相关链接 |
|
|
|
|
正题名:世界博物馆大观
索取号:G269.1/3
 
预约/预借
| 序号 | 登录号 | 条形码 | 馆藏地/架位号 | 状态 | 备注 |
| 1 | 0240244 | 001570598 | 第一样本阅览室/ [索取号:G269.1/3] | 在馆 | |
| 2 | 0244867 | 002005957 | 第四借阅区/ [索取号:G269.1/3] | 在馆 |